Écgônômi trong thiết kế và sản xuất /

Trình bày một số kiến thức cơ bản nhất của Écgônômi, xây dựng những nguyên tắc, quy định hoặc tiêu chuẩn áp dụng trong sản xuất và thiết kế.

সংরক্ষণ করুন:
গ্রন্থ-পঞ্জীর বিবরন
প্রধান লেখক: Nguyễn Bạch Ngọc.
বিন্যাস: গ্রন্থ
ভাষা:Vietnamese
প্রকাশিত: Hải Dương : Giáo dục, 2000.
বিষয়গুলি:
ট্যাগগুলো: ট্যাগ যুক্ত করুন
কোনো ট্যাগ নেই, প্রথমজন হিসাবে ট্যাগ করুন!
Thư viện lưu trữ: Mạng thư viện Đại học Đà Nẵng
LEADER 01070cam a2200349 i 4500
001 000043489
003 1459
005 20041027092504.0
008 010217b2000 vm 000 vie
020 |c 17700 
022 |a T 
040 |a IRC  |c IRC  |d IRC 
041 0 |a vie 
082 1 4 |a 573.4  |b NG-N 
100 1 |a Nguyễn Bạch Ngọc. 
245 1 0 |a Écgônômi trong thiết kế và sản xuất /  |c Nguyễn Bạch Ngọc. 
260 |a Hải Dương :  |b Giáo dục,  |c 2000. 
300 |a 188 tr. ;  |c 24 cm. 
520 3 |a Trình bày một số kiến thức cơ bản nhất của Écgônômi, xây dựng những nguyên tắc, quy định hoặc tiêu chuẩn áp dụng trong sản xuất và thiết kế. 
630 0 4 |a Écgônômi. 
650 0 4 |a Écgônômi  |x Thiết kế. 
650 0 4 |a Écgônômi  |x Sản xuất. 
OWN |a DUT 
999 |a From the UDN01 
TYP |a Monograph 
TYP |a Printed language 
980 |a Mạng thư viện Đại học Đà Nẵng